000 00766nab a2200229 u 4500
001 07906
003 HDC
007 cr bn ---aaaaa
008 210129c2013 my dr|nes 0 a may d
040 _aHDC
245 0 _aSasar 100 Cawangan Ayamazz Roti impit
260 _aKuala Lumpur :
_bThe New Straits Times Press (M) Bhd.,
_c2013
336 _atext
_2rdacontent
337 _acomputer
_2rdamedia
338 _aonline resource
_2rdacarrier
650 _aAyamazz
_zMalaysia
_98442
650 _aeconomic growth
_zMalaysia
_98379
856 _zRequest full-text at [email protected]
942 _2lcc
942 _cNEWS
942 _kNWSC 002280
999 _c5229
_d5229